Quizzes
Events
Quiz Creation
Community
Videos
Private Events
Remove Ads
Sign In
Join for FREE
Feedback
Dark Mode
Quiz Categories
Sports
Geography
Music
Movies
Television
Just For Fun
Miscellaneous
History
Literature
Language
Science
Gaming
Entertainment
Religion
Holiday
For Kids
Quiz Lab
Recent
Popular Today
Quiz Kudos Today
Editor Picks
Curator Picks
Quizzes by...
Day
Popularity
Type
Ratings
Length
Year
Community
Subscriptions
Recent Discussions
Orange Saloon
Badges
Playlists
Quests
Create
Leaderboards
Showdown
Live 5
Trivia Bingo
Activity
Puzzle Library
Sporcle Events
Private Events
Virtual Trivia
Globe League
Become a Host
Pub Owners
SporcleCon
Opinionation
Our Games
Videos
Blog
Mobile Apps
Partnerships
Remove Ads and Go Orange
Feedback
Television
TV Characters
TV Show
Sitcom
Network
Friends
Reality Shows
Cast
South Park
Star Trek
The Simpsons
Doctor Who
Television
TV Characters
TV Show
Sitcom
Network
Friends
Reality Shows
Cast
South Park
Star Trek
The Simpsons
Doctor Who
Random Quiz
Search Sporcle
×
Quiz Lab
Quiz Lab
Television
Type in answers that appear in a list
Type in answers that appear in a list
Classic
Best Score? Go Orange.
Vampire Diaries character descriptions Stats
Can you name the Vampire Diaries by their character descriptions?
By
Faith
8m
38 Questions
745 Plays
745 Plays
745 Plays
Comments
Comments
Give Quiz Kudos
Give Quiz Kudos
-
- Ratings
hide this ad
Forced Order
Answers have to be entered in order
Answers have to be entered in order
Random Order
Randomize order of answers
Randomize order of answers
Replay
Link that replays current quiz
Next Quiz
Link to next quiz in quiz playlist
You Got
0%
They Got
Avg Score
60%
Avg Friend Score
Upgrade to see
Score Distribution
Jump to the score distribution portion of the page
Score
0/38
Timer
08:00
0
Plays Today
Description
Name
% Correct
An easy going and considerate boy, who can also be withdrawn. His break-
up from Elena has left him lovelorn.
Matt Donovan
78.4%
Plays for the school football team. Rivalry with Jeremy Gilbert because of Vicki. Dad was the mayor
Tyler Lockwood
78.3%
New history teacher who knows vampires exist in Mystic Falls. Damon killed and turned the wife he never stopped searching for.
Alaric Saltzman
78%
The show's main male antagonist. Can be arrogant, charming, seductive. Was in love with Katherine Pierce, now shows feelings towards Elena Gilbert.
Damon Salvatore
77.9%
Winner of Miss Mystic Falls. Seems shallow and selfish. Had a relationship with Damon, before she realized he was using her. Now dates Matt Donovan.
Caroline Forbes
77.6%
Seemingly geeky girl, who wants to open the tomb to get to her mother. Falls in love with Jeremy Gilbert.
Anna
76.6%
The show's main male protagonist. Kind, moral, only drinks human blood. In love with Elena Gilbert and hated by his brother.
Stefan Salvatore
76.5%
17 year old girl torn between two vampire brothers who are both at war for her soul: one good, one evil.
Elena Gilbert
76.5%
Troubled teen, trying to get over the death of his sort-
of girlfriend. Has a short-
lived relationship with vampire Anna.
Jeremy Gilbert
76.2%
She's wicked, seductive and the cause of the Salvatore sibling rivalry.
Katherine Pierce
75%
Returns to Mystic Falls to take care of her niece and nephew when their mother dies.
Jenna Sommers
74.8%
Noble and brave. 4th Grandmother to Bonnie. Made the rings that allow Damon and Stefan to walk in daylight.
Emily Bennett
72.6%
Jenna Sommer's ex-
boyfriend news presenter. Becomes a vampire and is later killed by Alaric Saltzman.
Logan Fell
72.5%
Ancestors from Salem. Casts various spells and is terrified by her new powers, before she gets them under control.
Bonnie Bennett
72.5%
Generous and friendly. Stefan's best friend. She had known Stefan and his brother Damon for over a century. She was killed in '162 Candles
Lexi
71.5%
A member of The Founder's Council. Along with Alaric Saltzman, he possessed a ring that prevented its bearer from being killed. Him and his brother inherited these rings
John Gilbert
71.3%
Works as a waitress. She's turned by Damon and struggles to follow the moral path, like Stefan. Is eventually staked.
Vicki Donovan
70.9%
Gave birth to a baby girl she gave away. Is now a vampire and seems to follow Katherine Pierce's commands.
Isobel Flemming
69.7%
She was in love with Johnathan Gilbert a mortal male, but he discovered that she was a vampire and betrayed her. Killed by John Gilbert.
Pearl
69.7%
Description
Name
% Correct
She is very snobbish and is a member of The Founder's Council.She and her husband have a very strained and hostile relationship.
Carol Lockwood
64%
Descendant of a long line of women believed to be witches. Her death was caused from the aftershock of opening the tomb.
Sheila Bennett
63.5%
Mayor of the town until he is killed in the fire that burned the remaining tomb vampires. Possible werewolf
Richard Lockwood
61.6%
Shot his own sons. Was disappointed in Damon, but loved Stefan, who ironically, was his murderer.
Giuseppe Salvatore
61.3%
She and her husband are divorced. Member of the founders council. Puts her trust in Damon Salvatore.
Sheriff Forbes
60.7%
The history teacher and football coach at Mystic Falls High School. He was killed by Damon Salvatore who wanted to prove he had no humanity.
Mr. Tanner
58.3%
A doctor when he was alive and him and his wife owned a property where he worked at. Has a sister in law named Jenna
Grayson Gilbert
56%
Human killed by Damon (snapped neck). Continued to supply the town with vervain.
Zach Salvatore
55.2%
In her relatively short stay in town, she has been shown to be irresponsible. was best friends with Miranda Sommers in high school. Makes out with people half her age.
Kelly Donovan
54%
Bartender at the Mystic Grill. He was turned into a vampire by Anna
Ben McKittrick
53.2%
One of town folks that hunted Vampires along with Giuseppe Salvatore. Pearl seemed to have a crush on him. However he shoots her afterward discovering she was a vampire.
Johnathan Gilbert
50.7%
He is a vampire of African American descent who fought in the Civil War. He was turned by Pearl in 1864 after beeing essentially killed on a battlefield
Harper
47.8%
He blames the townspeople and the Salvatores for imprisoning him and wants revenge. Very temperamental and the most violent of the tomb vampires
Frederick
44%
It seems that her and Damon have a bit of history together, since they met when she was a college student, and she tried to open the tomb for Damon, but was unsuccessful.
Bree
41.3%
Killed by an unknown man who was compelled to keep Elena from searching for her mother.
Trudie Peterson
31.4%
A vampire who became obsessed with Elena due to her being physically identical to Katherine.
Noah
25.4%
When Elena went outside to speak on her phone, he kidnapped her to lead Damon into a trap. He nearly killed Damon, but he was talked out of it by Elena.
Lee
25%
A distant cousin of Damon and Stefan Salvatore. He was killed by Damon on the 12th June 1953. It is supposed that he supplied the Founder's Council with vervain.
Joseph Salvatore
20%
The owner of a house where vampires from the tomb had lived until they were killed by Damon Salvatore and Alaric Saltzman.
Mrs Gibbons
15.3%
Quiz Playlist
Details
Report
Send in Message
Add To Playlist
Classic:
Type in answers that appear in a list
Forced Order:
Answers have to be entered in order
Random Order:
Randomize order of answers
Last Updated: Feb 16, 2017
Quiz Scoreboard
CHALLENGE
Sign Up to Join the Scoreboard
Show All
Scores
Hide
Comments
May contain spoilers
Recently Published
Click the 1999 NBA Draft
by nibperrychub
Sports
2m
Alphabetical 'K' Countries by Flag Minefield
by ylime102
Geography
3m
Pick 6: Fruits
by JohnFran
Miscellaneous
15s
More to Explore
Quiz From the Vault
Featured Blog Post
15 Basketball Trivia Facts You Can Be March Mad About
hide this ad
You Might Also Like...
Tags
This quiz does not have any tags.
Today's Top Quizzes in Television
Browse Television
hide this ad
Top Contributed Quizzes in Television
1
Hidden Simpsons Character
2
First Name TV: Leading Men
3
Hidden Simpsons Character II
4
Hidden Simpsons Character III
5
First Name TV: Leading Women Drama
6
Hidden Simpsons Character IV
7
Hidden Simpsons Character V
8
Hidden Simpsons Character VI
9
Hidden Simpsons Character VII
10
Pick A Pair: Religious TV
Explore More
Trending Topics
Anime
Disney
Crossword
Marvel
NBA
Kpop
Harry Potter
WWE
Pokémon
Song
Soccer
Country
Puzzle
NFL
The Office
hide this ad
More By:
Faith
Quiz
Plays
Rating
Category
Featured
Created
Vampire Diaries character descriptions
745
Television
Jul 29, 2010
Go to Creator's Profile
Score Distribution
Quiz Creator Spotlight
Faith
Follow
Send a Message
Quizzes Created
-
Created Quiz Play Count
-
More By This Creator
Popular Quizzes Today
1
Find the US States - No Outlines Minefield
2
Countries of Asia Without Outlines Minefield
3
Pick 6: Fruits
4
Alphabetical 'K' Countries by Flag Minefield
5
The Countries of the World
6
Click the 1999 NBA Draft
7
Match the Book to the Film X
8
Find the US States
More Television Quizzes
SNL Season 40 Hosts (Picture Click)
Quiz Lab
Trending Quizzes
Pick 6: Harry Potter
Pick 6: Golfers
Donkey Kong Minefield
DC Extended Universe: Oldest to Newest
Multiplication Danger Zone
Recently Updated
Women's Final Four Teams by Year
bhenderson79
Presidents Quartet II
eogle
Anything But Clue(do)
eogle
Anything But Oceanian Capitals
eogle
Anything But 7
eogle
Anything But Thing
eogle
Word Ladder: February 29
pecheneg
Song Title Questions
pecheneg
Women's NCAA Tournament #1 Seeds
pecheneg
Celebrity Mug Shots
pecheneg
Trending Topics
Marvel
Crossword
Disney
Harry Potter
Anime
Kpop
NBA
Pokémon
Song
The Office
Soccer
Puzzle
Country
WWE
NFL
Your Account Isn't Verified!
In order to create a playlist on Sporcle, you need to verify the email address you used during registration. Go to your
Sporcle Settings
to finish the process.
Report this User
Report this user for behavior that violates our
Community Guidelines
.
Details:
Send Report
Go to the Sporcle.com Mobile Site →
Comments